| 000 | 00694cam a22002292 4500 | ||
|---|---|---|---|
| 001 | 0000003048 | ||
| 005 | 20151217151913.0 | ||
| 008 | 070426s xx 000 0 eng d | ||
| 020 |
_a0070400687 : _cUSD 16.95 |
||
| 040 |
_aKABU _cKABU |
||
| 050 | 0 |
_aHG4521 _b.M286 1999 |
|
| 100 | 1 |
_aMalter, Valerie F. _@0000152636 |
|
| 245 | 1 | 0 |
_aHow to be a growth investor / _cValerie F. Malter and Stuart P. Kaye. |
| 260 |
_aNew York : _bMcGraw-Hill, _c1999. |
||
| 300 | _axi, 179 p. | ||
| 650 | 0 |
_aInvestments. _@0000105741 |
|
| 650 | 0 |
_aStocks. _@0000147966 |
|
| 700 | 1 |
_aKaye, Stuart P. _@0000152637 |
|
| 908 | _a070426 | ||
| 950 | _@1 | ||
| 999 |
_c6196 _d6196 |
||